Alle (ehemaligen-) Bundesminister von B90/Grüne - Statistiken

Allgemein
  • Dieses Quiz wurde 35 mal gespielt
  • Das Durchschnittsergebnis liegt bei 8 aus 12
Antwortstatistiken
Ministerium Name % Korrekt
Gesundheitsministerium Andrea Fischer
94%
Außenministerium Annalena Baerbock
94%
Außenministerium Joschka Fischer
94%
Wirtschaftsministerium Robert Habeck
94%
Bildungsministerium Cem Özdemir
81%
Landwirtschaftsministerium Cem Özdemir
81%
Umweltministerium Jürgen Trittin
55%
Landwirtschaft Jürgen Trittin
55%
Familienministerium Lisa Paus
45%
Landwirtschaftsministerium Renate Künast
42%
Familienministerium Anne Spiegel
35%
Umweltministerium Steffi Lemke
35%
Keine übereinstimmenden Quizze gefunden
Verteilung der Resultate
Anzahl Personen mit jedem Resultat
Perzentil nach korrekt beantworteten Fragen
Ihre Resultats-Entwicklung
Sie haben dieses Quiz noch nicht gespielt